Vodné dielo Gabčíkovo

Vývoj lesných spoločenstiev v medzihrádzovom priestore Dunaja. Zmeny hydrologického režimu prehradením koryta Dunaja pod Bratislavou. Výsledky doterajšej manipulácie s vodou. Dočasný manipulačný poriadok lesného hospodárstva. Vývoj lesov v záujmovej oblasti.

Salvato in:
Dettagli Bibliografici
Autore principale: Varga, L.
Altri autori: Neštický, Z.
Natura: Capitolo di libro
Lingua:slovacco
Soggetti:
Tags: Aggiungi Tag
Nessun Tag, puoi essere il primo ad aggiungerne!!

MARC

LEADER 00000naa a2200000 4500
001 r019759
005 20221213101429.7
041 0 |a slo 
044 |a SK 
245 1 0 |a Vodné dielo Gabčíkovo  |c L. Varga, Z. Neštický 
520 |a Vývoj lesných spoločenstiev v medzihrádzovom priestore Dunaja. Zmeny hydrologického režimu prehradením koryta Dunaja pod Bratislavou. Výsledky doterajšej manipulácie s vodou. Dočasný manipulačný poriadok lesného hospodárstva. Vývoj lesov v záujmovej oblasti. 
610 2 0 |a lesy 
610 2 0 |a voda 
610 2 0 |a hrádze 
610 2 0 |a Dunaj 
610 2 0 |a hydrológia 
610 2 0 |a hospodárstvo lesné 
610 2 0 |a diela vodné 
610 2 0 |a Gabčíkovo 
100 1 |a Varga, L. 
700 1 |a Neštický, Z.